00750nam a22001937a 450000500170000000800410001702000180005804000100007608200240008610000180011024501290012825000120025726000540026930000310032350000520035465001030040670000210050970000260053020260209131612.0260209b |||||||| |||| 00| 0 eng d a9789355738608 cVITAP 223rd Ed.a658.8 BRO aBrown, Tom J. aBasic Marketing Researchb: Customer Insights and Managerial Actionc/ Tom J. Brown, Tracy A. Suter and Gilbert A. Churchill a9th Ed. aNew DelhibCengage Learning India Pvt. Ltd.c2024 axviii, 348p. : ill. ; 28cm aIt includes Appendix, Glossary and Index Pages. 0aConsumer behavior; Marketing research - Methodology; Marketing - Research; Marketing management aSulter, Tracy A. aChurchill. Gilbert A.